| 000 | 00658nam a2200253Ia 4500 | ||
|---|---|---|---|
| 003 | OSt | ||
| 005 | 20221007102241.0 | ||
| 006 | a|||||r|||| 00| 0 | ||
| 007 | ta | ||
| 008 | 221006b |||||||| |||| 00| 0 eng d | ||
| 024 | _a9,825 | ||
| 037 | _cTextual | ||
| 040 |
_aLCO _cLCO _beng |
||
| 041 |
_2eng _aeng |
||
| 082 | _aZ:f, P1 | ||
| 100 |
_aMyneni S.R. Au. _9687086 |
||
| 245 | 0 | _aLegal Research Methodology | |
| 250 | _a2nd | ||
| 260 |
_aAllahabad _bAllahabad Law Agency India _c2003 |
||
| 300 | _a276 | ||
| 650 |
_aLEGAL RESEARCH METHODOLOGY _9687055 |
||
| 942 |
_hZ:f, P1 _cTEXL |
||
| 999 |
_c1179388 _d1179388 |
||